[Event "DVM U14 2020"]
[Site "Willingen GER"]
[Date "2021.06.26"]
[Round "6"]
[White "Popovici, Liviu-Daniel"]
[Black "Wagner, Alexander"]
[Result "1/2-1/2"]
[Termination "normal"]
[Board "9.3"]
[WhiteElo "1505"]
[BlackElo "1522"]
[WhiteTeam "Schach-Club Vaterstetten-Grasbrunn"]
[BlackTeam "SV Schott Jena"]
[WhiteFideId "1253689"]
[EventCountry "GER"]
[EventRounds "7"]
[EventType "team-swiss"]
[EventDate "2021.06.23"]

1. b4 e5 2. Bb2 Bxb4 3. Bxe5 Nf6 4. Nf3 d5 5. e3 O-O 6. c4 c5 7. Be2 Nc6 8. Bb2
Re8 9. O-O d4 10. exd4 cxd4 11. d3 Bg4 12. Nbd2 Qd7 13. a3 Ba5 14. Nb3 Re7 15.
Nxa5 Nxa5 16. Nxd4 Bxe2 17. Nxe2 Rae8 18. Nf4 Ng4 19. Qc2 Qd6 20. Qc3 f6 21.
Qxa5 Qxf4 22. Qd5+ Kf8 23. g3 Qd2 24. Bc1 Qe2 25. Bf4 Ne5 26. Bxe5 Qxe5 27.
Qxe5 fxe5 28. Rfe1 Rd8 29. Re3 Red7 30. Rd1 e4 31. Rxe4 Rxd3 32. Rxd3 Rxd3 33.
Re3 Rd4 34. Rb3 Rxc4 35. Rxb7 Ra4 36. Rb3 Kf7 37. Kf1 Ke6 38. Ke2 g6 39. Ke3
Ke5 40. Kd3 h5 41. h4 Kd5 42. Rc3 Ra6 43. Ke3 Re6+ 44. Kf4 Kd4 45. Re3 Rf6+ 46.
Kg5 Rxf2 47. Re7 Rg2 48. Kf4 Rf2+ 1/2-1/2

[Event "DVM U14 2020"]
[Site "Willingen GER"]
[Date "2021.06.26"]
[Round "6"]
[White "Junge, Mattheo Gabriel"]
[Black "Karpen, Jakob"]
[Result "1-0"]
[Termination "normal"]
[Board "9.4"]
[WhiteElo "1267"]
[BlackElo "1365"]
[WhiteTeam "SV Schott Jena"]
[BlackTeam "Schach-Club Vaterstetten-Grasbrunn"]
[WhiteFideId "34605908"]
[BlackFideId "16255453"]
[EventCountry "GER"]
[EventRounds "7"]
[EventType "team-swiss"]
[EventDate "2021.06.23"]

1. e4 e5 2. Nf3 Nc6 3. Bc4 Bc5 4. c3 Nf6 5. d3 a6 6. O-O d6 7. Bg5 h6 8. Bh4
Be6 9. Nbd2 g5 10. Bg3 Qe7 11. b4 Ba7 12. Re1 Nh5 13. Nxe5 Nxg3 14. Nxc6 bxc6
15. hxg3 h5 16. d4 Bg4 17. Qa4 Bd7 18. Qb3 h4 19. Re3 h3 20. Re2 Be6 21. d5 Bg4
22. Nf3 hxg2 23. Kxg2 Qf6 24. Nd4 Bxd4 25. cxd4 Bxe2 26. Bxe2 Qh6 27. Qa4 Qh3+
28. Kf3 Qd7 29. b5 cxd5 30. Qa5 dxe4+ 31. Ke3 O-O 32. bxa6 Qc6 33. Qxg5+ Kh8
34. Rh1# 1-0

[Event "DVM U14 2020"]
[Site "Willingen GER"]
[Date "2021.06.26"]
[Round "6"]
[White "Klein, Maxim"]
[Black "Neumüller, Tim"]
[Result "1-0"]
[Termination "normal"]
[Board "10.1"]
[WhiteElo "1436"]
[BlackElo "1519"]
[WhiteTeam "FC Ergolding 1932 e.V."]
[BlackTeam "SV Weingarten"]
[WhiteFideId "16281632"]
[BlackFideId "16299167"]
[EventCountry "GER"]
[EventRounds "7"]
[EventType "team-swiss"]
[EventDate "2021.06.23"]

1. d4 Nf6 2. Nf3 d5 3. c4 c6 4. Nc3 Bg4 5. e3 e6 6. Be2 Bb4 7. O-O Nbd7 8. Bd2
Qc7 9. Nxd5 Nxd5 10. cxd5 Bxd2 11. Qxd2 exd5 12. Nh4 Nf6 13. h3 g5 14. Bxg4
Nxg4 15. hxg4 gxh4 16. Qe2 Rg8 17. e4 O-O-O 18. exd5 Rxd5 19. Qe4 Rdg5 20. f3
f5 21. Qe6+ Kb8 22. f4 Rxg4 23. Qxf5 Qg7 24. Qe5+ Qxe5 25. dxe5 Rf8 26. f5 Rg5
27. e6 Rf6 28. e7 Rg8 29. Rad1 Kc7 30. Rf4 h3 31. g4 h5 32. e8=N+ Rxe8 33. g5
Rg8 34. g6 Rgf8 35. Rdf1 Kd6 36. Kh2 Re8 37. Kxh3 Ke7 38. Re1+ Kf8 39. g7+ Kxg7
40. Rxe8 Kf7 41. Re6 Rxe6 42. fxe6+ Kxe6 43. Rh4 Kd7 44. Rxh5 Kc7 45. Kg4 Kb6
46. Kf4 a5 47. Ke4 c5 48. a4 Ka6 49. Rxc5 b5 50. Rxb5 1-0

[Event "DVM U14 2020"]
[Site "Willingen GER"]
[Date "2021.06.26"]
[Round "6"]
[White "Kern, Dominik"]
[Black "Helmbrecht, Paul"]
[Result "0-1"]
[Termination "normal"]
[Board "10.2"]
[WhiteElo "1349"]
[BlackElo "1531"]
[WhiteTeam "SV Weingarten"]
[BlackTeam "FC Ergolding 1932 e.V."]
[WhiteFideId "34605894"]
[BlackFideId "16270932"]
[EventCountry "GER"]
[EventRounds "7"]
[EventType "team-swiss"]
[EventDate "2021.06.23"]

1. e4 e5 2. Nf3 Nf6 3. Nxe5 d6 4. Nf3 Nxe4 5. Qe2 Qe7 6. d3 Nf6 7. Bg5 Qxe2+ 8.
Bxe2 Be7 9. Nc3 c6 10. O-O-O Be6 11. Rhe1 O-O 12. Ne4 Nbd7 13. Kb1 h6 14. Bf4
d5 15. Ned2 Nh5 16. Be3 Nhf6 17. h3 c5 18. c3 a5 19. Rg1 b5 20. g4 g5 21. h4
Nxg4 22. Nxg5 hxg5 23. Bxg4 f5 24. Bxg5 fxg4 25. Bxe7 Rxf2 26. Nf1 Kf7 27. Bg5
Ne5 28. Rg3 Rf3 29. Kc2 Bf5 30. h5 Nxd3 31. Ne3 Be4 32. Rf1 Nf2+ 33. Kc1 Rxg3
34. Rxf2+ Rf3 35. Rd2 g3 36. Ng4 Rf1+ 37. Rd1 Rxd1+ 38. Kxd1 Bf3+ 0-1

[Event "DVM U14 2020"]
[Site "Willingen GER"]
[Date "2021.06.26"]
[Round "6"]
[White "Lichtinger, Simon"]
[Black "Dick, Fabian"]
[Result "1-0"]
[Termination "normal"]
[Board "10.3"]
[WhiteElo "1401"]
[BlackElo "1220"]
[WhiteTeam "FC Ergolding 1932 e.V."]
[BlackTeam "SV Weingarten"]
[WhiteFideId "16230442"]
[BlackFideId "34605886"]
[EventCountry "GER"]
[EventRounds "7"]
[EventType "team-swiss"]
[EventDate "2021.06.23"]

1. d4 d6 2. c4 Nc6 3. Nf3 g6 4. Bf4 Bg7 5. e3 Bf5 6. Nc3 e5 7. Bg3 Nge7 8. d5
Nb4 9. Qa4+ Nbc6 10. dxc6 Nxc6 11. Be2 O-O 12. O-O Bd7 13. Qc2 f5 14. Nd5 g5
15. h3 g4 16. hxg4 fxg4 17. Bh4 Qe8 18. Nh2 h5 19. Nxc7 Qf7 20. Nxa8 e4 21. Nc7
Ne5 22. Qxe4 Bf5 23. Qd5 Qxd5 24. Nxd5 Be4 25. f3 gxf3 26. gxf3 Nxf3+ 27. Bxf3
1-0

[Event "DVM U14 2020"]
[Site "Willingen GER"]
[Date "2021.06.26"]
[Round "6"]
[White "Bork, Miron"]
[Black "Huber, Laura"]
[Result "0-1"]
[Termination "normal"]
[Board "10.4"]
[WhiteElo "1113"]
[BlackElo "1249"]
[WhiteTeam "SV Weingarten"]
[BlackTeam "FC Ergolding 1932 e.V."]
[WhiteFideId "34605878"]
[BlackFideId "16270940"]
[EventCountry "GER"]
[EventRounds "7"]
[EventType "team-swiss"]
[EventDate "2021.06.23"]

1. e4 e5 2. Nf3 Nc6 3. d4 exd4 4. Nxd4 Qh4 5. Nc3 Bb4 6. Qf3 Nxd4 7. Qd3 Bxc3+
8. bxc3 Nc6 9. g3 Qe7 10. Bg2 Nf6 11. O-O O-O 12. Re1 d6 13. h4 Ne5 14. Qe2 Qe6
15. h5 Qg4 16. Qxg4 Bxg4 17. h6 Nf3+ 18. Bxf3 Bxf3 19. hxg7 Kxg7 20. Bf4 Bxe4
21. Rac1 Rfe8 22. Kh2 Bf5 23. Rh1 Re2 24. Rcf1 Rxc2 25. Kg2 Be4+ 26. Kh3 Bxh1
27. Rxh1 Rxf2 0-1